000 00723nam a2200289Ia 4500
005 20260324135633.0
008 008 260324s9999 xx 000 0 eng d
020 _a9781315252056
037 _aEBOOK
040 _aCRL
040 _beng
040 _cCRL
041 _2eng
041 _aeng
084 _qCRL
100 _aRex J. Zedalis
_91167335
245 0 _aInternational Energy Law
245 0 _bRules Governing Future Exploration, Exploitation and Use of Renewable Resources
260 _bTaylor and Francis
260 _c2000
365 _a
365 _b230
856 _uhttp://www.taylorfrancis.com/books/9781315252056
942 _cEBOOK
999 _c1802636
_d1802636